[Event "Mondiale Lampo FIDE 2017"]
[Site "Riyadh"]
[Date "30.12.2017"]
[Round "12.37"]
[White "Ni, Hua"]
[Black "Riazantsev, Alexander"]
[Result "1-0"]
[WhiteTitle "GM"]
[BlackTitle "GM"]
[WhiteElo "2671"]
[BlackElo "2650"]
[WhiteFideId "8601160"]
[BlackFideId "4125029"]
[EventDate "2017.12.29"]

1. d4 d5 2. Bf4 c5 3. e3 Nc6 4. Nf3 cxd4 5. exd4 Bf5 6. c3 e6 7. Qb3 Qd7 8. Nbd2
f6 9. Be2 g5 10. Bg3 h5 11. h4 g4 12. Ng1 Nh6 13. Bb5 a6 14. Bxc6 Qxc6 15. Ne2
Nf7 16. O-O Be7 17. Rfe1 Nd6 18. Bf4 Kf7 19. Ng3 Bg6 20. Re2 Rhe8 21. Rae1 Bf8
22. Ndf1 b5 23. Ne3 Nc4 24. Qd1 Re7 25. Nxc4 bxc4 26. Rd2 Rae8 27. f3 Bf5 28.
Nxh5 gxf3 29. Qxf3 Rb7 30. Ng3 Bg6 31. h5 Bh7 32. Rf2 f5 33. Be5 Bh6 34. Bf4 Bg7
35. Rfe2 Rb6 36. h6 Bf6 37. Nh5 Qb7 38. Nxf6 Kxf6 39. Be5+ Kf7 40. Qh5+ Bg6 41.
Qh4 Qe7 42. Qxe7+ Rxe7 43. Kf2 Reb7 44. Rb1 f4 45. Rh1 Bh7 46. Rh4 Rxb2 47.
Rxf4+ Kg6 48. Rf6+ Kg5 49. Rxe6 Rxe2+ 50. Kxe2 Rb2+ 51. Ke3 Rxa2 52. Bf4+ Kg4
53. Re7 Bd3 54. Rg7+ Kh5 55. h7 Bxh7 56. Rxh7+ Kg4 57. Rg7+ Kf5 58. g4+ Ke6 59.
Rg6+ Kf7 60. Rd6 1-0

[Event "Mondiale Lampo FIDE 2017"]
[Site "Riyadh"]
[Date "30.12.2017"]
[Round "12.38"]
[White "Sethuraman, S.P."]
[Black "Bu, Xiangzhi"]
[Result "0-1"]
[WhiteTitle "GM"]
[BlackTitle "GM"]
[WhiteElo "2646"]
[BlackElo "2730"]
[WhiteFideId "5021596"]
[BlackFideId "8601445"]
[EventDate "2017.12.29"]

1. e4 e5 2. Nf3 Nc6 3. d4 exd4 4. Nxd4 Nf6 5. Nxc6 bxc6 6. Bd3 d6 7. O-O Be7 8.
Nc3 O-O 9. f4 Nd7 10. Be3 Re8 11. Qd2 Bf8 12. Rae1 a5 13. b3 Ba6 14. Bxa6 Rxa6
15. a4 Qb8 16. Qd3 Ra8 17. e5 Qb4 18. Ne4 h6 19. Bd2 Qb6+ 20. Be3 Qa6 21. Qd1
Rad8 22. Qg4 Qc8 23. Qg3 Kh8 24. Bd4 d5 25. Nd2 c5 26. Bb2 Nb6 27. f5 d4 28. Ne4
Rd5 29. e6 fxe6 30. f6 Rf5 31. fxg7+ Bxg7 32. Rxf5 exf5 33. Nxc5 Nd5 34. Qf2 Ne3
35. Bc1 Qd8 36. Nd3 Re4 37. Bxe3 dxe3 38. Qxf5 Qd4 39. Qc8+ Kh7 40. Qf5+ Kh8 41.
Qc8+ Kh7 42. Qf5+ Kh8 43. Qc8+ Kh7 44. Qf5+ Kh8 45. Re2 Re8 46. h3 Rf8 47. Qe6
Bf6 48. Kh2 Bg5 49. Qg4 Qxg4 50. hxg4 Kg7 51. Kg3 Rf1 52. Ne1 Bf4+ 0-1

[Event "Mondiale Lampo FIDE 2017"]
[Site "Riyadh"]
[Date "30.12.2017"]
[Round "12.39"]
[White "Adly, Ahmed"]
[Black "Mchedlishvili, Mikheil"]
[Result "0-1"]
[WhiteTitle "GM"]
[BlackTitle "GM"]
[WhiteElo "2637"]
[BlackElo "2603"]
[WhiteFideId "10601619"]
[BlackFideId "13600966"]
[EventDate "2017.12.29"]

1. d4 d5 2. Nf3 c6 3. c4 Nf6 4. Nc3 dxc4 5. a4 Bf5 6. Ne5 Na6 7. f3 Nd7 8. Nxc4
e5 9. dxe5 Qh4+ 10. g3 Qxc4 11. e4 Qc5 12. exf5 Qxe5+ 13. Kf2 Nb4 14. Bh3 O-O-O
15. f6 Qxf6 16. Ne4 Qg6 17. Qd4 f5 18. Qxa7 fxe4 19. Rd1 Nd3+ 20. Rxd3 exd3 21.
a5 Qh5 22. Kg2 Qc5 23. Qb6 Bd6 24. Bf4 Qxb6 25. axb6 Bxf4 26. gxf4 Kb8 27. Kf2
Nxb6 28. b3 Rhe8 29. Bf1 d2 30. Rd1 Rd4 31. Be2 Nd5 32. Bc4 Nc3 0-1

[Event "Mondiale Lampo FIDE 2017"]
[Site "Riyadh"]
[Date "30.12.2017"]
[Round "12.40"]
[White "Dobrov, Vladimir"]
[Black "Eljanov, Pavel"]
[Result "1-0"]
[WhiteTitle "GM"]
[BlackTitle "GM"]
[WhiteElo "2515"]
[BlackElo "2711"]
[WhiteFideId "4136594"]
[BlackFideId "14102951"]
[EventDate "2017.12.29"]

1. Nf3 d5 2. e3 c5 3. c4 d4 4. exd4 cxd4 5. Bd3 Nf6 6. O-O g6 7. Bc2 Bg7 8. d3
O-O 9. a3 a5 10. Re1 Nc6 11. Nbd2 Nd7 12. Rb1 b6 13. b4 Bb7 14. Nf1 e5 15. Ng3
h6 16. Bd2 axb4 17. axb4 Qc7 18. Bb3 Kh7 19. h4 f5 20. h5 g5 21. Bxg5 hxg5 22.
Nxg5+ Kh6 23. Ne6 Qd6 24. c5 bxc5 25. bxc5 Nxc5 26. Qc1+ f4 27. Nxc5 Bc8 28.
Nge4 Qd8 29. Ne6 Bxe6 30. Qxc6 1-0

[Event "Mondiale Lampo FIDE 2017"]
[Site "Riyadh"]
[Date "30.12.2017"]
[Round "12.41"]
[White "Kokarev, Dmitry"]
[Black "Jumabayev, Rinat"]
[Result "0-1"]
[WhiteTitle "GM"]
[BlackTitle "GM"]
[WhiteElo "2615"]
[BlackElo "2612"]
[WhiteFideId "4132181"]
[BlackFideId "13702661"]
[EventDate "2017.12.29"]

1. e4 c5 2. Nf3 d6 3. d4 cxd4 4. Nxd4 a6 5. c4 Nf6 6. Nc3 b6 7. Be2 Bb7 8. f3 e6
9. Be3 Be7 10. O-O O-O 11. Qd2 Qc7 12. a4 Nc6 13. Rfc1 Ne5 14. b3 Rfd8 15. Bf1
Nfd7 16. Rab1 Rac8 17. Kh1 Qb8 18. Qf2 Nc5 19. Rd1 Re8 20. Nc2 a5 21. Nd4 Bf8
22. Ndb5 Rcd8 23. Bf4 Ng6 24. Bg3 Bc6 25. Nd4 Ba8 26. Qc2 Be7 27. Ndb5 Bc6 28.
Rd2 Nb7 29. Rbd1 e5 30. Na3 Bg5 31. Re2 h5 32. Bf2 Nc5 33. Nab5 Rd7 34. Ree1 h4
35. Nd5 Bxd5 36. cxd5 Rc8 37. Bc4 Rdd8 38. Qa2 Qb7 39. Na3 Qe7 40. g3 Qf6 41.
Qe2 Kf8 42. Rf1 Ke7 43. Kg2 Rh8 44. Rh1 Bf4 45. Nc2 Qg5 46. Ne3 Bxg3 47. Nf5+
Kf8 48. Kf1 Nf4 49. Qd2 Bxf2 50. Qxf2 Rd8 51. Rg1 Qf6 52. Rxg7 Rh5 53. Rg4 Ng6
54. Qe3 Rc8 55. Kg1 Rc7 56. Kh1 Nxa4 57. bxa4 Rxc4 58. Qxb6 Rxf5 59. exf5 Qxf5
60. Qe3 Rxg4 61. fxg4 Qxg4 62. Rg1 Qxa4 63. Qg5 Qe4+ 64. Qg2 Qxg2+ 65. Kxg2 Nf4+
66. Kf3 Nxd5 67. Ra1 Nf6 68. Rxa5 Ke7 69. Ra4 d5 70. Rxh4 Ke6 71. Rh8 Kf5 72.
Rd8 d4 73. Rf8 Kg6 74. h4 Nd7 75. Re8 Kf5 76. Re7 Nf6 77. Rxf7 e4+ 78. Ke2 Kg6
79. Rf8 Nd5 80. Rd8 Nf4+ 81. Kf2 e3+ 82. Kf3 e2 83. Re8 d3 84. Kf2 d2 0-1

[Event "Mondiale Lampo FIDE 2017"]
[Site "Riyadh"]
[Date "30.12.2017"]
[Round "12.42"]
[White "Meier, Georg"]
[Black "Dervishi, Erald"]
[Result "1-0"]
[WhiteTitle "GM"]
[BlackTitle "GM"]
[WhiteElo "2650"]
[BlackElo "2552"]
[WhiteFideId "4675789"]
[BlackFideId "4700236"]
[EventDate "2017.12.29"]

1. Nf3 Nf6 2. g3 b6 3. Bg2 Bb7 4. O-O e6 5. c4 Be7 6. b3 O-O 7. Bb2 d5 8. cxd5
Nxd5 9. Nc3 Bf6 10. d4 Nxc3 11. Bxc3 Nd7 12. Qc2 Qc8 13. Rac1 c5 14. Rfd1 cxd4
15. Bxd4 Bxd4 16. Rxd4 Qxc2 17. Rxc2 Nf6 18. Ne5 Bxg2 19. Kxg2 Rac8 20. Rdc4
Rxc4 21. Rxc4 h5 22. Rc7 a5 23. a3 Nd5 24. Rb7 f6 25. Nd7 Rc8 26. Nxb6 Nxb6 27.
Rxb6 e5 28. a4 Rc3 29. h4 Kh7 30. e4 Kg6 31. Kf1 Rc2 32. Rb5 Rb2 33. Kg2 Kf7 34.
Kf3 Kg6 35. Ke3 Kf7 36. f4 exf4+ 37. gxf4 g6 38. f5 gxf5 39. exf5 Ke7 40. Kd4
Kd6 41. Rb6+ Ke7 42. Kc5 Rh2 43. Rb7+ Kf8 44. Kb5 Rxh4 45. Kxa5 Rf4 46. b4 Rxf5+
47. Kb6 Kg8 48. a5 h4 49. a6 Rf1 50. Rb8+ Kg7 51. a7 Ra1 52. a8=Q Rxa8 53. Rxa8
f5 54. Kc5 Kg6 55. b5 1-0

[Event "Mondiale Lampo FIDE 2017"]
[Site "Riyadh"]
[Date "30.12.2017"]
[Round "12.43"]
[White "Potkin, Vladimir"]
[Black "Nguyen, Ngoc Truong Son"]
[Result "1/2-1/2"]
[WhiteTitle "GM"]
[BlackTitle "GM"]
[WhiteElo "2574"]
[BlackElo "2630"]
[WhiteFideId "4131061"]
[BlackFideId "12401110"]
[EventDate "2017.12.29"]

1. Nf3 d5 2. e3 Nf6 3. c4 e6 4. Nc3 c5 5. d4 Nc6 6. a3 dxc4 7. Bxc4 a6 8. O-O b5
9. Ba2 Bb7 10. Qe2 Be7 11. Rd1 Qc7 12. Bd2 O-O 13. Rac1 Qb6 14. dxc5 Bxc5 15. b4
Be7 16. Bb1 Rac8 17. Ne4 Rfd8 18. Bc3 Nxe4 19. Bxe4 Rxd1+ 20. Rxd1 Rd8 21. Rc1
h6 22. h3 Rc8 23. Rd1 Rd8 24. Bb2 Rxd1+ 25. Qxd1 Qd8 26. Qc2 Qc8 27. Qd2 Qd8 28.
Qc3 Bf6 29. Qc1 Bxb2 30. Qxb2 Na5 31. Bxb7 Nxb7 32. Qc2 Qd7 33. Ne5 Qd6 34. Qe4
Qc7 35. Qf4 Nd6 36. g4 f6 37. Nd3 e5 38. Qg3 Qc3 39. Nc5 Qxa3 40. Qf3 Qxb4 41.
Qd5+ Nf7 42. Ne6 Qc4 43. Qa8+ Kh7 44. Nf8+ Kg8 45. Ng6+ Kh7 46. Nf8+ Kg8 47.
Ne6+ Kh7 48. Nf8+ Kg8 49. Ng6+ Kh7 50. Nf8+ Kg8 51. Nd7+ Kh7 52. Nf8+ Kg8 53.
Ne6+ 1/2-1/2

[Event "Mondiale Lampo FIDE 2017"]
[Site "Riyadh"]
[Date "30.12.2017"]
[Round "12.44"]
[White "Inarkiev, Ernesto"]
[Black "Malakhatko, Vadim"]
[Result "1-0"]
[WhiteTitle "GM"]
[BlackTitle "GM"]
[WhiteElo "2689"]
[BlackElo "2542"]
[WhiteFideId "4162722"]
[BlackFideId "14104202"]
[EventDate "2017.12.29"]

1. d4 d5 2. c4 dxc4 3. Nf3 a6 4. a4 Nf6 5. e3 Bg4 6. Bxc4 e6 7. O-O Nc6 8. Nbd2
Be7 9. h3 Bh5 10. b3 O-O 11. Bb2 Nb4 12. Rc1 Rc8 13. Ba3 a5 14. g4 Bg6 15. Ne5
Nd7 16. Nxg6 hxg6 17. Qf3 c6 18. Ne4 Nf6 19. Ng3 Nbd5 20. Bxe7 Qxe7 21. g5 Nd7
22. h4 N5b6 23. Bd3 e5 24. Qe4 Rfe8 25. dxe5 Nxe5 26. Be2 Nd5 27. Rfd1 Rcd8 28.
Kg2 Nd7 29. Qxe7 Nxe7 30. Rd4 Nb6 31. Rcd1 Rxd4 32. Rxd4 Ned5 33. Bf3 Kf8 34.
Ne4 Re7 35. Nc5 Ke8 36. Kg3 Nb4 37. Bg4 N4d5 38. e4 Nc7 39. f4 Ne6 40. Bxe6 fxe6
41. Rd6 Kf7 42. Nd3 Nc8 43. Ne5+ Ke8 44. Rd3 Nb6 45. Nxg6 Nd7 46. Nxe7 1-0

[Event "Mondiale Lampo FIDE 2017"]
[Site "Riyadh"]
[Date "30.12.2017"]
[Round "12.45"]
[White "Kuzubov, Yuriy"]
[Black "Sanal, Vahap"]
[Result "1/2-1/2"]
[WhiteTitle "GM"]
[BlackTitle "GM"]
[WhiteElo "2699"]
[BlackElo "2551"]
[WhiteFideId "14112906"]
[BlackFideId "6300545"]
[EventDate "2017.12.29"]

1. d4 Nf6 2. c4 e6 3. Nc3 Bb4 4. e3 c5 5. Bd3 Nc6 6. Nf3 O-O 7. O-O d5 8. a3
Bxc3 9. bxc3 dxc4 10. Bxc4 Qc7 11. Bb5 b6 12. Re1 a6 13. Bd3 e5 14. Qc2 Bg4 15.
Nxe5 Nxe5 16. dxe5 Qxe5 17. f3 Be6 18. e4 c4 19. Bf1 b5 20. Be3 Nh5 21. Rad1 f5
22. exf5 Bxf5 23. Qd2 Bg6 24. Bd4 Qc7 25. Qg5 Rf7 26. g3 Raf8 27. Bg2 Nf6 28.
Qc5 Qxc5 29. Bxc5 Rc8 30. Bd4 Bc2 31. Rc1 Bd3 32. f4 h6 33. h3 Kh7 34. g4 Nd7
35. f5 Nc5 36. Bd5 Rd7 37. Bxc5 Rxc5 38. Be6 Rd6 39. Re3 a5 40. Rce1 Rc7 41. Rc1
g6 42. Kf2 Kg7 43. fxg6 Kxg6 44. Rd1 Kg7 45. Bf5 Rf7 46. Kg3 b4 47. axb4 axb4
48. cxb4 Rb7 49. Bxd3 cxd3 50. Rdxd3 Rxd3 51. Rxd3 Rxb4 52. Kh4 Rb5 53. Rd6 Ra5
54. Rb6 Rc5 55. Rb3 Ra5 56. Rf3 Rb5 57. Rf5 Rb3 58. Rc5 Ra3 59. Rc6 Rb3 60. Rc7+
Kg6 61. Rc2 Ra3 62. Rg2 Rb3 63. Rg3 Rb5 64. Rc3 Ra5 65. Kg3 h5 66. Rc6+ Kg7 67.
Kh4 hxg4 68. hxg4 Rb5 69. g5 Rb1 70. Kg4 Rg1+ 71. Kf5 Rf1+ 72. Kg4 Rg1+ 1/2-1/2

[Event "Mondiale Lampo FIDE 2017"]
[Site "Riyadh"]
[Date "30.12.2017"]
[Round "12.46"]
[White "El Adnani, Mokliss"]
[Black "Alekseev, Evgeny"]
[Result "0-1"]
[WhiteTitle "IM"]
[BlackTitle "GM"]
[WhiteElo "2448"]
[BlackElo "2616"]
[WhiteFideId "9000410"]
[BlackFideId "4138147"]
[EventDate "2017.12.29"]

1. e4 c5 2. Nf3 Nc6 3. Bb5 g6 4. O-O Bg7 5. c3 Nf6 6. d4 cxd4 7. cxd4 Nxe4 8. d5
Nd6 9. Ba4 b5 10. Bc2 Nb4 11. Bb3 O-O 12. Re1 a5 13. a3 Na6 14. Nc3 Re8 15. Bf4
Nc5 16. Bxd6 exd6 17. Rxe8+ Qxe8 18. Nxb5 Qe7 19. Bc4 a4 20. Qe1 Qf8 21. Qd2 Ba6
22. Bf1 Nb3 23. Qd1 Nxa1 24. Qxa1 Rb8 25. Nc3 Bxf1 26. Kxf1 Qc8 27. g3 Qc4+ 28.
Kg2 Bxc3 29. bxc3 Qxd5 30. Qc1 Qe4 31. h3 Rb5 32. g4 Rd5 33. Qe3 Qxe3 34. fxe3
Rd3 0-1

[Event "Mondiale Lampo FIDE 2017"]
[Site "Riyadh"]
[Date "30.12.2017"]
[Round "12.47"]
[White "Abdyjapar, Asyl"]
[Black "Zhao, Jun"]
[Result "0-1"]
[WhiteTitle "IM"]
[BlackTitle "GM"]
[WhiteElo "2382"]
[BlackElo "2604"]
[WhiteFideId "13800337"]
[BlackFideId "8602522"]
[EventDate "2017.12.29"]

1. d4 Nf6 2. c4 e6 3. Nf3 b6 4. a3 Bb7 5. Nc3 d5 6. cxd5 exd5 7. Bg5 Be7 8. e3
O-O 9. Bd3 Nbd7 10. O-O c5 11. dxc5 bxc5 12. Rc1 Re8 13. Qc2 g6 14. Rfd1 a6 15.
Ne2 c4 16. Bxc4 dxc4 17. Qxc4 Qb6 18. b4 Rac8 19. Qh4 Rxc1 20. Rxc1 Bxf3 21.
gxf3 Ne5 22. Kg2 Nd5 23. Bxe7 Nxe7 24. Nd4 Qd6 25. Rc5 Nd3 26. Rc2 Ne1+ 27. Kf1
Nxc2 0-1

[Event "Mondiale Lampo FIDE 2017"]
[Site "Riyadh"]
[Date "30.12.2017"]
[Round "12.48"]
[White "Minko, Vladimir"]
[Black "Pantsulaia, Levan"]
[Result "0-1"]
[WhiteTitle "IM"]
[BlackTitle "GM"]
[WhiteElo "2381"]
[BlackElo "2612"]
[WhiteFideId "24146706"]
[BlackFideId "13602071"]
[EventDate "2017.12.29"]

1. d4 Nf6 2. c4 e6 3. Nc3 c5 4. d5 exd5 5. cxd5 d6 6. e4 g6 7. Nge2 Bg7 8. Ng3
h5 9. Be2 Na6 10. O-O Nc7 11. Re1 a6 12. a4 Rb8 13. a5 O-O 14. Bg5 b5 15. Bxh5
gxh5 16. Nxh5 Nce8 17. Qd2 b4 18. Nd1 Bg4 19. Nxg7 Nxg7 20. Ne3 Bh5 21. Nc4 Bg6
22. f3 b3 23. h4 Rb4 24. Qc3 Nge8 25. Rad1 Qc7 26. Nxd6 Qxd6 27. e5 Qc7 28. d6
Qxa5 29. exf6 Qd8 30. Qxc5 Rb5 31. Qd4 Qd7 32. Bh6 a5 33. Re7 Qc6 34. d7 Nxf6
35. d8=Q Rxd8 36. Qxd8+ Kh7 37. Qf8 Qc5+ 38. Kh1 Nh5 39. Re8 Qxf8 40. Bxf8 a4
41. Bd6 Nf6 42. Ree1 Bc2 43. Rd2 Rb6 44. Be5 Ng8 45. Bc3 Nh6 46. Rd8 f6 47. Re7+
Kg6 48. g4 a3 49. bxa3 b2 50. h5+ Kg5 51. Bxb2 Rxb2 0-1

[Event "Mondiale Lampo FIDE 2017"]
[Site "Riyadh"]
[Date "30.12.2017"]
[Round "12.49"]
[White "McShane, Luke J"]
[Black "Kovalev, Vladislav"]
[Result "0-1"]
[WhiteTitle "GM"]
[BlackTitle "GM"]
[WhiteElo "2640"]
[BlackElo "2639"]
[WhiteFideId "404853"]
[BlackFideId "13504398"]
[EventDate "2017.12.29"]

1. d4 Nf6 2. Bg5 Ne4 3. Bf4 d5 4. Nd2 Nf6 5. e3 g6 6. Ngf3 Bg7 7. Be2 O-O 8. h3
c5 9. O-O Nc6 10. c3 b6 11. Ne5 Bb7 12. Nxc6 Bxc6 13. Be5 Nd7 14. Bxg7 Kxg7 15.
b4 Qc7 16. Rc1 Qd6 17. a3 Rad8 18. Nf3 e5 19. Qd2 e4 20. dxc5 bxc5 21. bxc5 Qxc5
22. Nd4 Ne5 23. Qa2 Ba4 24. c4 dxc4 25. Bxc4 Rc8 26. Qa1 Qd6 27. Bb5 Bxb5 28.
Nxb5 Qf6 29. Nxa7 Ra8 30. Nb5 Ra5 31. Nc3 Qf5 32. Ne2 Rfa8 33. Ng3 Qe6 34. Rc3
Qd5 35. Rd1 Qb7 36. Rdc1 Kg8 37. Rc7 Qd5 38. Ne2 Rxa3 39. Rc8+ Kg7 40. Rxa8 Rxa1
41. Raxa1 Nd3 42. Rc2 Qb3 43. Nd4 Qd5 44. Ra7 Ne5 45. Rb2 Qc4 46. Re7 Qc1+ 47.
Kh2 Kf6 48. Reb7 h5 49. Rc2 Qe1 50. Rbc7 h4 51. Re2 Qd1 52. Rcc2 Nd3 53. Rcd2
Qf1 54. f3 exf3 55. Nxf3 Kg7 56. Nxh4 Ne1 57. Rf2 Qb5 58. Nf3 Nd3 59. Rfe2 Nc1
60. Re1 Nb3 61. Rdd1 Qb8+ 62. Kh1 Nc5 63. e4 Qg3 64. e5 Ne6 65. Rd2 Nf4 66. Rf1
Ne6 67. Rdf2 Kg8 68. Nh2 Ng5 69. Ng4 Qd3 70. Nh6+ Kg7 71. Nxf7 Ne4 72. Rf3 Ng3+
73. Kg1 Ne2+ 74. Kh2 Qd5 75. R1f2 Nd4 76. Rf6 Nf5 77. Ng5 Qxe5+ 78. Kh1 Qxf6 79.
Nf3 0-1

[Event "Mondiale Lampo FIDE 2017"]
[Site "Riyadh"]
[Date "30.12.2017"]
[Round "12.50"]
[White "Almasi, Zoltan"]
[Black "Halkias, Stelios"]
[Result "1-0"]
[WhiteTitle "GM"]
[BlackTitle "GM"]
[WhiteElo "2682"]
[BlackElo "2571"]
[WhiteFideId "702293"]
[BlackFideId "4201809"]
[EventDate "2017.12.29"]

1. e4 e5 2. Nf3 Nc6 3. Bb5 a6 4. Ba4 Nf6 5. O-O Be7 6. Re1 b5 7. Bb3 d6 8. c3
O-O 9. h3 Na5 10. Bc2 Bb7 11. d4 Nc4 12. b3 Nb6 13. Nbd2 Nfd7 14. Nf1 exd4 15.
cxd4 c5 16. Ng3 g6 17. Bh6 Re8 18. Qd2 Bf6 19. Rad1 c4 20. Bf4 Nf8 21. Nh2 Ne6
22. Be3 Bg7 23. Ng4 h5 24. Nh6+ Kf8 25. Qe2 Rc8 26. Nxh5 gxh5 27. Qxh5 Rc7 28.
Nf5 Qf6 29. d5 Nc5 30. Bd4 Re5 31. f4 Rxf5 32. exf5 Qh6 33. f6 Qxh5 34. fxg7+ 1-0

[Event "Mondiale Lampo FIDE 2017"]
[Site "Riyadh"]
[Date "30.12.2017"]
[Round "12.51"]
[White "Naiditsch, Arkadij"]
[Black "Al-Saffar, Araz Basim Mohammed S"]
[Result "1-0"]
[WhiteTitle "GM"]
[BlackTitle "IM"]
[WhiteElo "2705"]
[BlackElo "2368"]
[WhiteFideId "4650891"]
[BlackFideId "4801040"]
[EventDate "2017.12.29"]

1. e4 e5 2. Nf3 Nf6 3. Nc3 Bb4 4. Nxe5 O-O 5. Be2 Re8 6. Nd3 Bxc3 7. dxc3 Nxe4
8. O-O d5 9. f3 Nf6 10. Bg5 c6 11. Qd2 Bf5 12. Rae1 Nbd7 13. Bd1 h6 14. Rxe8+
Qxe8 15. Bh4 Qd8 16. Bf2 a6 17. Qf4 Bg6 18. Re1 Qb8 19. a4 Qxf4 20. Nxf4 Bh7 21.
a5 Kf8 22. b4 Re8 23. Rxe8+ Kxe8 24. Nd3 Bf5 25. g4 Be6 26. Bd4 Ke7 27. Kf2 Ne8
28. Kg3 f6 29. h4 g5 30. Be2 Nd6 31. Nc5 Nxc5 32. Bxc5 Kd7 33. Bd3 Bf7 34. h5
Ke6 35. Kf2 Kd7 36. Ke3 Ke6 37. Kd4 Kd7 38. Bb6 Be6 39. Bg6 Bf7 40. Bh7 Be6 41.
Bc5 Bf7 42. Ke3 Be6 43. Bg6 Kc7 44. Bd4 f5 45. Bg7 fxg4 46. Bxh6 gxf3 47. Bxg5
f2 48. Bd3 Ne4 49. Bh4 Bf5 50. Bxf2 Kd6 51. Bh4 Ke6 52. Kd4 Kd6 53. h6 Ke6 54.
Be2 Kd6 55. c4 dxc4 56. Bxc4 Bh7 57. Bd3 Nf6 58. Bxf6 1-0

[Event "Mondiale Lampo FIDE 2017"]
[Site "Riyadh"]
[Date "30.12.2017"]
[Round "12.52"]
[White "Al-Modiahki, Mohamad"]
[Black "Anton Guijarro, David"]
[Result "0-1"]
[WhiteTitle "GM"]
[BlackTitle "GM"]
[WhiteElo "2542"]
[BlackElo "2666"]
[WhiteFideId "12100030"]
[BlackFideId "2285525"]
[EventDate "2017.12.29"]

1. e4 e5 2. Nf3 Nc6 3. Bb5 a6 4. Ba4 Nf6 5. O-O Nxe4 6. d4 b5 7. Bb3 d5 8. dxe5
Be6 9. Be3 Be7 10. c3 O-O 11. Nbd2 Nxd2 12. Qxd2 Na5 13. Rad1 Nc4 14. Bxc4 dxc4
15. Nd4 Bd7 16. Qc2 Qc8 17. Qe4 c5 18. Nf3 Bf5 19. Qf4 Bd3 20. Rfe1 h6 21. Qg3
Qe6 22. b3 Rad8 23. bxc4 Bxc4 24. a3 a5 25. Nd2 Bd3 26. Nb3 Qxb3 27. Bxh6 Bg6
28. Rxd8 Rxd8 0-1

[Event "Mondiale Lampo FIDE 2017"]
[Site "Riyadh"]
[Date "30.12.2017"]
[Round "12.53"]
[White "Al-Sayed, Mohammed"]
[Black "Volokitin, Andrei"]
[Result "0-1"]
[WhiteTitle "GM"]
[BlackTitle "GM"]
[WhiteElo "2511"]
[BlackElo "2628"]
[WhiteFideId "12100196"]
[BlackFideId "14107090"]
[EventDate "2017.12.29"]

1. d4 Nf6 2. Bg5 e6 3. Nd2 h6 4. Bh4 c5 5. e4 g5 6. Bg3 d5 7. e5 Nfd7 8. h4 Nc6
9. dxc5 g4 10. Qxg4 Ncxe5 11. Qa4 Nc6 12. Nb3 Nxc5 13. Nxc5 Bxc5 14. O-O-O Bd7
15. Qb5 Qb6 16. Nf3 Bxf2 17. Bxf2 Qxf2 18. Qxb7 Rb8 19. Qc7 Rc8 20. Qf4 Nd4 21.
Rd2 Rxc2+ 22. Kb1 Rxd2 23. Qxd2 Qxd2 24. Nxd2 Rg8 25. Rh3 a5 26. Re3 Ke7 27. g3
Nf5 28. Ra3 Rxg3 29. Rxa5 Rg1 30. Ra3 Ng3 31. Kc2 Nxf1 32. Nf3 Rg2+ 33. Kc3 Rg3
34. Kd4 f6 35. Rc3 Kd6 36. Ra3 e5+ 0-1

[Event "Mondiale Lampo FIDE 2017"]
[Site "Riyadh"]
[Date "30.12.2017"]
[Round "12.54"]
[White "Haddouche, Mohamed"]
[Black "Ponkratov, Pavel"]
[Result "0-1"]
[WhiteTitle "GM"]
[BlackTitle "GM"]
[WhiteElo "2505"]
[BlackElo "2613"]
[WhiteFideId "7900660"]
[BlackFideId "4157800"]
[EventDate "2017.12.29"]

1. e4 c5 2. Nf3 b6 3. d4 cxd4 4. Nxd4 Bb7 5. Nc3 a6 6. Bg5 Qc7 7. Qf3 e6 8.
O-O-O d6 9. Kb1 Nd7 10. Qg3 Ngf6 11. Bd3 Be7 12. Rhe1 Nc5 13. Bd2 O-O 14. Qh3 b5
15. a3 Rab8 16. Bg5 g6 17. Qh4 Qd8 18. Bf1 Nd5 19. Bxe7 Qxe7 20. Qxe7 Nxe7 21.
f3 Rfd8 22. Nb3 Nxb3 23. cxb3 d5 24. exd5 Bxd5 25. Nxd5 Nxd5 26. g3 Kg7 27. Rd4
h5 28. Red1 Rdc8 29. Bd3 Rc7 30. Be4 Nf6 31. Rc1 Rxc1+ 32. Kxc1 Rb6 33. Kd2 e5
34. Rd8 g5 35. Bf5 g4 36. Ke3 gxf3 37. Kxf3 Rc6 38. Ra8 Rd6 39. Ke3 Nd5+ 40. Kf3
Ne7 41. Be4 f5 42. Bb7 Rd3+ 43. Kg2 Rxb3 44. Rxa6 Rxb2+ 45. Kh3 Ng6 46. Bd5 f4
47. Be4 Nf8 48. Ra7+ Kf6 49. Ra6+ Ke7 50. Rh6 Nd7 51. Rxh5 Rb3 52. Rh7+ Kd6 53.
Bf5 Nc5 54. Rh6+ Kd5 55. Kg4 f3 56. Rh7 e4 57. Rh8 f2 58. Rd8+ Ke5 59. Rd1 e3
60. Kf3 Kxf5 61. Rd5+ Ke6 62. Rd1 Ke5 63. Kg2 Ne6 0-1

[Event "Mondiale Lampo FIDE 2017"]
[Site "Riyadh"]
[Date "30.12.2017"]
[Round "12.55"]
[White "Shytaj, Luca"]
[Black "Ganguly, Surya Shekhar"]
[Result "0-1"]
[WhiteTitle "IM"]
[BlackTitle "GM"]
[WhiteElo "2459"]
[BlackElo "2650"]
[WhiteFideId "812633"]
[BlackFideId "5002150"]
[EventDate "2017.12.29"]

1. Nc3 d5 2. Nf3 Nf6 3. e3 Bf5 4. b3 Nbd7 5. Bb2 e5 6. h3 c6 7. g4 Bg6 8. Bg2 h6
9. d3 Bd6 10. Ne2 h5 11. g5 Ng8 12. h4 Ne7 13. Ng3 Qc7 14. e4 O-O-O 15. Qe2 Kb8
16. O-O-O d4 17. Kb1 Qa5 18. Nd2 b5 19. Bh3 Ba3 20. Nf5 Bxf5 21. exf5 Nd5 22.
Ne4 f6 23. Bxa3 Qxa3 24. Qd2 Nc5 25. c4 Nxe4 26. dxe4 Nc3+ 27. Ka1 bxc4 28. Rc1
cxb3 29. Qb2 Qxb2+ 30. Kxb2 bxa2 31. Bf1 Kc7 0-1

[Event "Mondiale Lampo FIDE 2017"]
[Site "Riyadh"]
[Date "30.12.2017"]
[Round "12.56"]
[White "Rakhmanov, Aleksandr"]
[Black "Omar, Noaman"]
[Result "1-0"]
[WhiteTitle "GM"]
[BlackTitle "IM"]
[WhiteElo "2653"]
[BlackElo "2364"]
[WhiteFideId "4173708"]
[BlackFideId "9300244"]
[EventDate "2017.12.29"]

1. c4 e6 2. d4 d5 3. Nc3 Be7 4. e3 Nf6 5. Nf3 O-O 6. Bd3 c5 7. O-O cxd4 8. exd4
dxc4 9. Bxc4 Nc6 10. a3 a6 11. Re1 b5 12. Ba2 Bb7 13. Bg5 h6 14. Bh4 Rc8 15. Rc1
Nd5 16. Bg3 Nxc3 17. Rxc3 Na5 18. Rxc8 Qxc8 19. Ne5 Nc6 20. Nxf7 Rxf7 21. Bxe6
Qf8 22. d5 Nd8 23. Bxf7+ Qxf7 24. d6 Bf6 25. Be5 Qg6 26. f3 Nf7 27. Bxf6 Qxf6
28. Re8+ Kh7 29. d7 Qb6+ 30. Kh1 Nd8 31. Qd3+ g6 32. Qe2 Qf6 33. Qe7+ Qxe7 34.
Rxe7+ Kg8 35. Re8+ Kf7 36. Rxd8 Bc6 37. Rf8+ 1-0